[Event "Muensterland Verbandsklasse-A 0607"]
[Site "Germany"]
[Date "2007.05.12"]
[Round "9.2"]
[White "Zoeke, Lars"]
[Black "Rueberg, Jobst"]
[Result "1/2-1/2"]
[WhiteElo "1770"]
[BlackElo "2084"]
[PlyCount "87"]
[EventDate "2006.09.23"]
[EventType "team"]
[EventRounds "9"]
[EventCountry "GER"]
[SourceTitle "EXT 2008"]
[Source "ChessBase"]
[SourceDate "2007.11.25"]
[SourceVersion "1"]
[SourceVersionDate "2007.11.25"]
[SourceQuality "1"]
[WhiteTeam "Muenster SK IV"]
[BlackTeam "Sendenhorst"]
[WhiteTeamCountry "GER"]
[BlackTeamCountry "GER"]

1. e4 c5 2. Nf3 e6 3. d4 cxd4 4. Nxd4 Nc6 5. Nb5 d6 6. Bf4 e5 7. Bg5 f6 8. Be3 Be6 9. c4 a6 10. N5a3 Nge7 11. g4 Ng6 12. h4 Be7 13. h5 Nf8 14. Nc3 Nd7 15. Be2 0-0 16. Nc2 Na5 17. b3 Rc8 18. Nd5 Nc6 19. Qd2 Nc5 20. f3 Qe8 21. b4 Nd7 22. Kf2 Bd8 23. Kg2 Ne7 24. Bf2 Bf7 25. Nce3 Nb6 26. Rac1 Nbxd5 27. Nxd5 Nxd5 28. cxd5 Rxc1 29. Rxc1 Qd7 30. Qc2 f5 31. exf5 Bxd5 32. Bd3 Bg5 33. Bc4 Bxc4 34. Qxc4+ d5 35. Qc7 Qe8 36. Re1 Bf4 37. Qxb7 Qb5 38. Qe7 Re8 39. Qd6 h6 40. Bg3 Bxg3 41. Kxg3 e4 42. Qc5 Qd3 43. Qe3 Qc4 44. Qc5 1/2-1/2

[Event "Muensterland Verbandsklasse-A 0607"]
[Site "Germany"]
[Date "2007.01.20"]
[Round "5.2"]
[White "Zoeke, Lars"]
[Black "Ringwelski, Marius"]
[Result "0-1"]
[WhiteElo "1770"]
[BlackElo "1977"]
[PlyCount "59"]
[EventDate "2006.09.23"]
[EventType "team"]
[EventRounds "9"]
[EventCountry "GER"]
[SourceTitle "EXT 2008"]
[Source "ChessBase"]
[SourceDate "2007.11.25"]
[SourceVersion "1"]
[SourceVersionDate "2007.11.25"]
[SourceQuality "1"]
[WhiteTeam "Muenster SK IV"]
[BlackTeam "Telgte"]
[WhiteTeamCountry "GER"]
[BlackTeamCountry "GER"]

1. e4 c5 2. Nf3 d6 3. d4 cxd4 4. Nxd4 Nf6 5. Nc3 a6 6. Be2 e6 7. 0-0 Be7 8. a4 0-0 9. Nb3 Nc6 10. a5 Qc7 11. f4 Nd7 12. Be3 b6 13. axb6 Nxb6 14. Qe1 d5 15. Rd1 Nc4 16. Bxc4 dxc4 17. Nd2 Nb4 18. Rc1 Bb7 19. Qe2 Rac8 20. Rf3 f5 21. Rg3 e5 22. Rh3 exf4 23. Qh5 h6 24. Bd4 Rcd8 25. Qg6 Rxd4 26. Nd5 Nxd5 27. Rxh6 Rf6 28. Qe8+ Bf8 29. exd5 Rxh6 30. Nf3 0-1

[Event "Muenster Bezirksliga 0506"]
[Site "Muenster"]
[Date "2005.09.10"]
[Round "1.4"]
[White "Zoeke, Lars"]
[Black "Schoepper, Oliver"]
[Result "1-0"]
[WhiteElo "1684"]
[BlackElo "1839"]
[PlyCount "51"]
[EventDate "2005.09.10"]
[EventType "team"]
[EventRounds "9"]
[EventCountry "GER"]
[SourceTitle "EXT 2007"]
[Source "ChessBase"]
[SourceDate "2006.11.23"]
[SourceVersion "1"]
[SourceVersionDate "2006.11.23"]
[SourceQuality "1"]
[WhiteTeam "Muenster V"]
[BlackTeam "Muenster IV"]
[WhiteTeamCountry "GER"]
[BlackTeamCountry "GER"]

1. e4 Nf6 2. e5 Nd5 3. d4 d6 4. Bc4 e6 5. Nf3 dxe5 6. Nxe5 Bd6 7. Qg4 g6 8. Bh6 f5 9. Qe2 Qe7 10. h4 Nc6 11. Bb5 Bd7 12. Bxc6 bxc6 13. c4 Bb4+ 14. Nd2 Nf6 15. 0-0-0 0-0-0 16. c5 Rde8 17. Qa6+ Kb8 18. Rh3 Qd8 19. Bg5 Qc8 20. Qxc8+ Bxc8 21. Bxf6 Bxd2+ 22. Kxd2 Rhf8 23. Bg5 Ka8 24. h5 Kb8 25. hxg6 hxg6 26. Nxc6+ 1-0